1085 1469 1590 1837 1201 1444 1187 1627 1378 1499 1523 1790 1800 1866 1175 1157 1594 1055 1157 1029 1508 1477 1191 1462 1196 1201 1173 1883 1167 1807 1083 1604 1591 1861 1552 1106 1364 1755 1688 1125 1177 1605 1318 1324 1236 1829 1096 1997 1093 1435 1748 1706 1126 1668 1676 1700 1119 1204 1792 1924 1659 1347 1186 1442 1200 1925 1420 1059 1089 1361 1519 1619 1365 1077 1351 1183 1754 1765 1874 1219 1084 1021 1775 1050 1808 1630 1473 1967 1072 1995 1044 1432 1709 1739 1404 1657 1102 1993 1760 BCNSPRNW ULIB Ver.6.0+V

เปลี่ยนเป็นภาษาไทย

Change to English
 แสดงรายละเอียดบรรณานุกรม
  กลับหน้าหลัก

Brief Record : Get Marc (ISO 2709) : E-mail record : QR code < ปิดหน้าต่าง
LEADER : 00000nam 2200000uu 4500
001    13399113408
003     ULIB
008    020711s2553 th a 000 0 tha d
020    ^a9786167205298
099    ^aนว.ม551ล 2553 ล.2
100    ^aมาอายะ
245    ^aเล่ห์รักมาเฟีย1 /^cมาอายะ
250    ^aพิมพ์ครั้งที่ 1
260    ^aเม็ดทรายพริ้นติ้ง :^bกรุงเทพฯ,^c2553
300    ^a269 หน้า
945    ^p218^l0^i028077
995    ทศพร
999 ^a ทศพร
รายการนี้ยังไม่มีแท็ก
คุณยังไม่ได้ล็อกอิน คุณสามารถมีกิจกรรมร่วมกับเว็บไซต์ได้ แต่ต้องล็อกอินก่อน ::
  ล็อกอิน

รายการสื่อสารสนเทศ

ลำดับที่ ประเภท เลขเรียก/บาร์โค้ด สถานที่ สถานะ
1. นวนิยาย
นวนิยาย
นว.ม551ล 2553 ล.2 ฉ.1 
  Barcode: 028077
ห้องสมุดวิทยาเขตสวรรค์ประชารักษ์
►นวนิยาย
บนชั้น
  ขอยืม

รายการใกล้เคียง
    ผู้แต่ง [มาอายะ]

BibComment


ยังไม่เคยถูกคอมเมนท์

คอมเมนท์ทรัพยากรรายการนี้
  คอมเมนท์: เล่ห์รักมาเฟีย1 ..


 Copyright 2026. Bcnsprnw @Library